000 00570nam a2200169Ia 4500
003 LDD
008 190117s9999 xx 000 0 und d
020 _c₹35
040 _cLDD
041 _ahi
082 _a8H4.7 पा 3913 सं
100 _aपाण्डेय, श्याम नारायण
245 0 _aसंचरण
_bनिबन्ध संग्रह
_cश्याम नारायण पाण्डेय
260 _aकानपुर
_bसाहित्य रत्नालय
_c1987
300 _a104प्र.
942 _2ddc
_cH
999 _c163302
_d163302